<?xml version="1.0" encoding="UTF-8"?><?xml-stylesheet type="text/xsl" href="static/style.xsl"?><OAI-PMH xmlns="http://www.openarchives.org/OAI/2.0/" xmlns:xsi="http://www.w3.org/2001/XMLSchema-instance" xsi:schemaLocation="http://www.openarchives.org/OAI/2.0/ http://www.openarchives.org/OAI/2.0/OAI-PMH.xsd"><responseDate>2026-04-18T03:06:28Z</responseDate><request verb="GetRecord" identifier="oai:www.recercat.cat:2445/165971" metadataPrefix="marc">https://recercat.cat/oai/request</request><GetRecord><record><header><identifier>oai:recercat.cat:2445/165971</identifier><datestamp>2025-12-05T05:34:17Z</datestamp><setSpec>com_2072_1057</setSpec><setSpec>col_2072_478857</setSpec><setSpec>col_2072_478917</setSpec></header><metadata><record xmlns="http://www.loc.gov/MARC21/slim" xmlns:dcterms="http://purl.org/dc/terms/" xmlns:xsi="http://www.w3.org/2001/XMLSchema-instance" xmlns:doc="http://www.lyncode.com/xoai" xsi:schemaLocation="http://www.loc.gov/MARC21/slim http://www.loc.gov/standards/marcxml/schema/MARC21slim.xsd">
   <leader>00925njm 22002777a 4500</leader>
   <datafield ind2=" " ind1=" " tag="042">
      <subfield code="a">dc</subfield>
   </datafield>
   <datafield ind2=" " ind1=" " tag="720">
      <subfield code="a">Torras i Ribé, Josep M. (Josep Maria), 1942-</subfield>
      <subfield code="e">author</subfield>
   </datafield>
   <datafield ind2=" " ind1=" " tag="260">
      <subfield code="c">2020-06-17T09:13:02Z</subfield>
   </datafield>
   <datafield ind2=" " ind1=" " tag="260">
      <subfield code="c">2020-06-17T09:13:02Z</subfield>
   </datafield>
   <datafield ind2=" " ind1=" " tag="260">
      <subfield code="c">1983</subfield>
   </datafield>
   <datafield ind2=" " ind1=" " tag="260">
      <subfield code="c">2020-06-17T09:13:02Z</subfield>
   </datafield>
   <datafield ind2=" " ind1=" " tag="520">
      <subfield code="a">Pensem no descobrir res de nou amb la constatació que, del conjunt de circumstàncies que envoltaren el conflicte successori a Catalunya, són fonamentalment els avatars de la guerra -i per damunt de tot les vicissituds del setge de Barcelona- els que han merescut una major atenció per part dels historiadors. Sobre d'altres esdeveniments del període, en canvi, qualitativament potser tan transcendentals o més, en coneixem comparativament poca cosa, i molt del que s'ha escrit és deutor encara en bona part de les descripcions contemporànies de N. Feliu de la Penya i de Francesc de Castellví. No ens ha d'estranyar, doncs, que les explicacions sobre alguns aspectes de l'època del conflicte, començant pel mateix decantament deis catalans a favor de l'atzarosa causa de l'Arxiduc, l'anàlisi de les característiques ideològiques definitòries de cada bàndol, o el valor que cal atribuir a la tasca de govern de l'Arxiduc a Catalunya, restin encara en un terreny incert. Aquest conjunt de qüestions, i d'altres, que conformarien el que podríem qualificar com la problemàtica civil del conflicte successori, han rebut en l'espai de pocs mesos algunes aportacions bibliogràfiques aclaridores, que han servit com a mínim per replantejar alguns d'aquests temes des d'òptiques diferents.</subfield>
   </datafield>
   <datafield tag="653" ind2=" " ind1=" ">
      <subfield code="a">Guerra de Successió, 1702-1714</subfield>
   </datafield>
   <datafield tag="653" ind2=" " ind1=" ">
      <subfield code="a">Administració municipal</subfield>
   </datafield>
   <datafield tag="653" ind2=" " ind1=" ">
      <subfield code="a">War of Spanish Succession, 1701-1714</subfield>
   </datafield>
   <datafield tag="653" ind2=" " ind1=" ">
      <subfield code="a">Municipal government</subfield>
   </datafield>
   <datafield ind2="0" ind1="0" tag="245">
      <subfield code="a">Aproximació a la problemàtica civil de la Guerra de Successió. La política municipal de l'Arxiduc (1705-1711)</subfield>
   </datafield>
</record></metadata></record></GetRecord></OAI-PMH>